Normal view
MARC view
- Preparation Al-Qudah,Esra,a Hassan, م .مشارك Mais Khalid Grefey؛ Supervisor Mahmoud AL-Sobh, Co Supervisor Samer Al-Zoubi
Entry Personal Name
001 - CONTROL NUMBER
- control field: 5377
003 - CONTROL NUMBER IDENTIFIER
- control field: JO-AjAnu
005 - DATE AND TIME OF LATEST TRANSACTION
- control field: 20230606071155.0
008 - FIXED-LENGTH DATA ELEMENTS
- fixed length control field: 230606|| aca||aabn | a|a d
040 ## - CATALOGING SOURCE
- Original cataloging agency: JO-AjAnu
- Transcribing agency: JO-AjAnu
100 ## - HEADING--PERSONAL NAME
- Personal name: Preparation Al-Qudah,Esra,a Hassan, م .مشارك Mais Khalid Grefey؛ Supervisor Mahmoud AL-Sobh, Co Supervisor Samer Al-Zoubi
670 ## - SOURCE DATA FOUND
- Source citation: Work cat.: (JO-AjAnu)2775: Preparation Al-Qudah,Esra,a Hassan, م .مشارك Mais Khalid Grefey؛ Supervisor Mahmoud AL-Sobh, Co Supervisor Samer Al-Zoubi, author, Translation Difficulties Facing Ajloun National University Students From the Students Perspectives